000 00835nam a22002177a 4500
008 240702b mp ||||| |||| 00| 0 mon d
035 _a12089
040 _aSU1322070
_bmon
_cMN-UlNLM
_dMN-UlNLM
_erda
041 _amon
042 _a30571
084 _2NNA
_a83.8*4Анг/
_bА-35
100 _aАйгнэр Э.
245 0 _aГэрийн тэжээвэр
264 _aУлаанбаатар
_bАдмон ХХК
_c2006
300 _a20х.
336 _2rdacontent
_atext
_btxt
337 _2rdamedia
_aunmediated
_bn
338 _2rdacarrier
_avolume
_bnc
650 _aГэрийн тэжээвэр. Бидний өвөг дээдэс эрт дээр үеэс төрөл бүрийн хээрийн амьтдыг гэрин тэжээвэр болгон сургаж үржүүлэн аж ахуйдаа...
942 _2NNA
_cBK
999 _c1069776
_d1069833